[Event "WCU Spring Open"]
[Site "Cardiff"]
[Date "2026.03.07"]
[Round "2.3"]
[White "Davis, Lee"]
[Black "Bullen, Alex"]
[Result "0-1"]
[WhiteElo "1862"]
[BlackElo "2093"]
[PlyCount "66"]
[GameId "2286283713980834"]
[EventDate "2026.03.07"]
[EventType "swiss"]
[EventRounds "5"]
[EventCountry "WLS"]

{[%evp 0,66,21,35,15,14,23,5,0,19,32,24,37,42,15,16,-5,22,37,-2,14,21,17,20,8,-1,12,-13,-59,-38,-45,-10,-34,12,-36,-35,-44,-44,-48,-26,-38,-43,-53,-52,-152,-48,-6,-31,-87,-132,-102,-149,-54,-555,-525,-663,-771,-891,-796,-1058,-426,-1281,-1250,-29991,-29992,-29997,-29998,-29999,-29999]} 1. d4 d5 2. c4 e6 3. g3 Nf6 4. Bg2 h6 5. Nf3 Bd6 6. O-O O-O 7. Nbd2 b6 8. Qc2 Bb7 9. b3 Na6 10. a3 c5 11. Bb2 Rc8 12. Rac1 dxc4 13. bxc4 cxd4 14. Nxd4 Bxg2 15. Kxg2 Nc5 16. Nb5 Bb8 17. Rfd1 Qe7 18. Bxf6 Qxf6 19. Ne4 Qe7 20. Nxc5 Rxc5 21. Qd3 Rfc8 22. Qd7 Qg5 23. h4 Qe5 24. Qe7 Qe4+ 25. Kh2 Rf5 26. Rd8+ Kh7 27. Rf1 Rxd8 28. Qxd8 Qxe2 29. Kg2 Qf3+ 30. Kg1 Bxg3 31. Nd4 Bxf2+ 32. Kh2 Qg3+ 33. Kh1 Qh3# 0-1

[Event "WCU Spring Open"]
[Site "Cardiff"]
[Date "2026.03.07"]
[Round "2.4"]
[White "Tapp, James"]
[Black "Turner, Joseph David"]
[Result "1-0"]
[WhiteElo "2016"]
[BlackElo "1806"]
[WhiteFideId "-1"]
[PlyCount "57"]
[GameId "2286284437223871"]
[EventDate "2026.03.07"]
[EventType "swiss"]
[EventRounds "5"]
[EventCountry "WLS"]

{[%evp 0,57,20,33,21,6,18,19,26,74,19,5,8,4,2,0,-129,6,30,-23,10,-44,46,-92,52,44,-46,21,122,27,104,114,-37,93,130,112,111,127,133,142,143,141,147,89,226,84,206,191,249,153,257,161,307,312,487,481,29991,29992,29993,29994]} 1. d4 Nf6 2. Nf3 d5 3. c4 c6 4. Nc3 e6 5. g3 Nbd7 6. Bg2 dxc4 7. a4 Bb4 8. O-O Qa5 9. Bd2 O-O 10. e4 Rd8 11. e5 Nd5 12. Ng5 h6 13. Nge4 Nxc3 14. bxc3 Be7 15. Qg4 f5 16. exf6 Nxf6 17. Qe2 c5 18. Nxc5 Bxc5 19. dxc5 Qxc5 20. Be3 Qe5 21. Qxc4 Nd5 22. Bd4 Qh5 23. Rab1 Rd7 24. Rfe1 Rc7 25. Qd3 Bd7 26. Be5 Rc5 27. Rxb7 Bc6 28. Rxg7+ Kf8 29. Qh7 1-0

[Event "WCU Spring Open"]
[Site "Cardiff"]
[Date "2026.03.07"]
[Round "2.5"]
[White "Di-Vetta, Andrew"]
[Black "Van Noorden, Nicolas"]
[Result "0-1"]
[WhiteElo "1798"]
[BlackElo "1950"]
[WhiteFideId "-1"]
[BlackFideId "-1"]
[PlyCount "57"]
[GameId "2286285190908384"]
[EventDate "2026.03.07"]
[EventType "swiss"]
[EventRounds "5"]
[EventCountry "WLS"]

{[%evp 0,57,18,-6,5,2,-91,-8,13,18,18,18,19,9,8,0,0,-9,5,-32,-38,-31,-31,-267,-206,-196,-175,-222,-213,-124,-159,-30,-92,-113,-130,92,-156,-349,-238,-403,-384,-482,-494,-510,-307,-505,-277,-366,-265,-354,-270,-790,-840,-882,-732,-1442,-29994,-29995,-29996,-29999]} 1. b3 d6 2. g3 e5 3. Bg2 f5 4. Bb2 Be7 5. c4 Nf6 6. Nf3 O-O 7. Nc3 c6 8. e3 Nbd7 9. Qc2 e4 10. Nd4 Ne5 11. Bf1 c5 12. Ndb5 a6 13. Na3 Nf3+ 14. Kd1 Ng4 15. d3 Be6 16. h3 Nge5 17. dxe4 fxe4 18. Qxe4 b5 19. Nd5 Bf5 20. Nxe7+ Qxe7 21. Qd5+ Be6 22. Qe4 b4 23. Nc2 Kh8 24. Bxe5 Bf5 25. Qc6 Qxe5 26. Rc1 Be4 27. Qd7 Qc3 28. Qxd6 Rad8 29. Nd4 0-1

[Event "WCU Spring Open"]
[Site "Cardiff"]
[Date "2026.03.07"]
[Round "2.6"]
[White "Hewitt, William"]
[Black "Anandkumar, Govind"]
[Result "1/2-1/2"]
[WhiteElo "1940"]
[BlackElo "1722"]
[BlackFideId "-1"]
[PlyCount "58"]
[GameId "2286286116473348"]
[EventDate "2026.03.07"]
[EventType "swiss"]
[EventRounds "5"]
[EventCountry "WLS"]

{[%evp 0,18,21,24,17,25,21,22,30,45,46,35,26,43,50,31,31,31,-5,3,29]} 1. e4 e6 2. d4 d5 3. Nc3 Nf6 4. Bg5 Bb4 5. e5 h6 6. Be3 Ne4 7. Qg4 g6 8. a3 h5 9. Qf4 g5 10. Qf3 Bxc3+ 11. bxc3 c5 12. Bd3 Nxc3 13. dxc5 d4 14. Bd2 Bd7 15. Qg3 Bc6 16. Bxg5 Qa5 17. Kf1 Nd7 18. h4 Qxc5 19. Nf3 Ne4 20. Qf4 Nxg5 21. hxg5 O-O-O 22. Qxf7 Bxf3 23. gxf3 Qxe5 24. Re1 Qxg5 25. Qxe6 Rhg8 26. Be4 Rde8 27. Qd5 Qxd5 28. Bxd5 Rxe1+ 29. Kxe1 Rh8 1/2-1/2

[Event "WCU Spring Open"]
[Site "Cardiff"]
[Date "2026.03.07"]
[Round "2.7"]
[White "Mckenna, Joshua"]
[Black "Fathallah, Joe"]
[Result "1-0"]
[WhiteElo "1739"]
[BlackElo "1932"]
[PlyCount "91"]
[GameId "2286286850448055"]
[EventDate "2026.03.07"]
[EventType "swiss"]
[EventRounds "5"]
[EventCountry "WLS"]

1. e4 e6 2. d4 d5 3. Nc3 Nf6 4. Bg5 Be7 5. e5 Nfd7 6. h4 h6 7. Bxe7 Qxe7 8. Qg4 O-O 9. f4 c5 10. Nf3 Nc6 11. O-O-O f5 12. Qg6 Qf7 13. Qg3 a6 14. Be2 cxd4 15. Nxd4 Nc5 16. Kb1 Bd7 17. Rh3 Nxd4 18. Rxd4 Ne4 19. Qe1 Rfc8 20. g4 fxg4 21. Bxg4 Rxc3 22. Rxc3 Nxc3+ 23. Qxc3 Rc8 24. Qb3 Qg6 25. Bf3 Bc6 26. Qd3 Qg1+ 27. Qd1 Qg3 28. Bg4 Re8 29. Bh5 Rf8 30. Qg4 Qxg4 31. Bxg4 Kf7 32. Kc1 {(=)} Ke7 33. Kd2 Bb5 34. c3 a5 35. a3 Bc4 36. Ke3 b5 37. Bh3 b4 38. axb4 axb4 39. b3 Bxb3 40. Rxb4 d4+ 41. Rxd4 Rc8 42. Kd3 Ba2 43. Bg4 Bb1+ 44. Kd2 Ba2 45. Kc2 Bd5 46. Rxd5 1-0

[Event "WCU Spring Open"]
[Site "Cardiff"]
[Date "2026.03.07"]
[Round "2.8"]
[White "Bowkett, George"]
[Black "Binks, Michael E"]
[Result "0-1"]
[WhiteElo "1595"]
[BlackElo "1853"]
[WhiteFideId "-1"]
[BlackFideId "-1"]
[PlyCount "62"]
[GameId "2286288455079022"]
[EventDate "2026.03.07"]
[EventType "swiss"]
[EventRounds "5"]
[EventCountry "WLS"]

1. d4 Nf6 2. c4 e6 3. Nc3 Bb4 4. Qc2 d5 5. a3 Be7 6. Nf3 c6 7. Bf4 O-O 8. h3 b6 9. cxd5 Nxd5 10. Bg3 Bd6 11. Bxd6 Qxd6 12. e4 Nxc3 13. bxc3 Qf4 14. Bd3 Nd7 15. e5 g6 16. Be4 Bb7 17. g3 Qh6 18. h4 f5 19. exf6 Nxf6 20. Ng5 Nxe4 21. Qxe4 Rae8 22. f4 Re7 23. Qe5 c5 24. Rh3 Qh5 25. dxc5 h6 26. Qd6 Rfe8 27. c6 Ba6 28. Rh2 hxg5 29. fxg5 Qf3 30. Rc1 Qe3+ 31. Kd1 Qg1+ 0-1

[Event "WCU Spring Open"]
[Site "Cardiff"]
[Date "2026.03.07"]
[Round "2.9"]
[White "Bani Hani, Madged"]
[Black "Wu, Nathaniel"]
[Result "1-0"]
[WhiteElo "1852"]
[BlackElo "1517"]
[WhiteFideId "-1"]
[BlackFideId "-1"]
[PlyCount "195"]
[GameId "2287003022819414"]
[EventDate "2026.03.07"]
[EventType "swiss"]
[EventRounds "5"]
[EventCountry "WLS"]

{[%evp 0,162,12,-23,-1,-36,-4,-29,-29,-37,-16,-33,-31,-25,-4,-25,-30,-9,4,-3,3,18,-80,7,24,131,8,-8,20,11,5,-1,-1,-1,28,24,-122,-1,-92,114,112,121,126,41,140,39,118,20,110,118,-149,129,133,104,45,120,65,108,1,-114,-109,48,58,1,1,-103,-72,-133,69,72,82,38,-77,27,-172,27,32,114,-7,117,-14,142,198,69,60,37,7,26,29,23,28,13,23,11,21,16,1,-1,3,0,3,1,10,0,1,0,8,44,6,6,1,1,1,25,17,23,33,19,15,22,15,0,23,15,15,17,27,124,40,72,78,88,85,63,134,67,119,75,170,84,122,76,75,69,84,82,65,47,60,62,77,111,63,35,72,25,1,1,31,44,13,27,74,74,92]} 1. b4 e5 2. Bb2 Bxb4 3. Bxe5 Nf6 4. c3 Be7 5. d4 d5 6. e3 Bf5 7. Nf3 Nbd7 8. Bxf6 Bxf6 9. Bd3 Bg6 10. O-O O-O 11. Re1 Re8 12. h3 c5 13. a4 Rc8 14. Bxg6 hxg6 15. Qb3 cxd4 16. cxd4 Nb6 17. a5 Nc4 18. Qxb7 Nxa5 19. Qxa7 Nc4 20. Nbd2 Rc7 21. Qa6 Re6 22. Qa8 Rc8 23. Qa2 Rec6 24. Nxc4 Rxc4 25. Qa5 Qd7 26. Nd2 Rc2 27. Ra2 Bd8 28. Qa3 R8c3 29. Nb3 Be7 30. Qa8+ Rc8 31. Qa4 Qf5 32. Re2 R2c4 33. Qb5 Bd6 34. Ra1 Qd3 35. Ree1 Bb4 36. Nc5 Bxc5 37. dxc5 R8xc5 38. Qe8+ Kh7 39. Qxf7 Rc7 40. Qf3 d4 41. Red1 Qc3 42. exd4 Qxf3 43. gxf3 Rd7 44. d5 Rc5 45. Rd4 Rcxd5 46. Rh4+ Rh5 47. Rxh5+ gxh5 48. Kg2 Rd6 49. f4 Kh6 50. Ra3 Rd5 51. Kg3 g6 52. Re3 Rf5 53. Re5 Rf6 54. Kf3 Ra6 55. f5 Ra3+ 56. Kg2 gxf5 57. Rxf5 Kg6 58. Rb5 Rc3 59. Re5 Ra3 60. Re3 Ra1 61. Kg3 Ra5 62. Re6+ Kg5 63. h4+ Kf5 64. Rh6 Ra3+ 65. f3 Ra1 66. Rxh5+ Kg6 67. Rg5+ Kf6 68. Rb5 Ra4 69. f4 Ra1 70. h5 Kg7 71. Kg4 Rg1+ 72. Kf5 Kh6 73. Kf6 Rg6+ 74. Kf7 Rg7+ 75. Ke6 Rg4 76. Rf5 Rh4 77. Kf6 Rg4 78. Ke7 Rh4 79. Ke6 Rg4 80. Ke5 Rh4 81. Ke4 Rh1 82. Ra5 Re1+ 83. Kf5 Kxh5 84. Kf6+ Kg4 85. f5 Rf1 86. Kg6 Kf4 87. f6 Rg1+ 88. Kf7 Rb1 89. Kg7 Rg1+ 90. Kf8 Rb1 91. f7 Rb7 92. Kg8 Rb6 93. f8=Q+ Kg4 94. Qf5+ Kg3 95. Ra3+ Kg2 96. Qf3+ Kh2 97. Qg3+ Kh1 98. Ra1+ 1-0

[Event "WCU Spring Open"]
[Site "Cardiff"]
[Date "2026.03.07"]
[Round "2.10"]
[White "Tomkins Coll, Owen"]
[Black "Prabhu, Vismith"]
[Result "1-0"]
[WhiteElo "1812"]
[BlackElo "1748"]
[WhiteFideId "-1"]
[PlyCount "71"]
[GameId "2287003358654628"]
[EventDate "2026.03.07"]
[EventType "swiss"]
[EventRounds "5"]
[EventCountry "WLS"]

{[%evp 0,71,12,26,32,80,24,26,6,23,16,-79,6,4,81,0,-14,-20,18,12,40,46,48,45,55,45,70,51,63,112,131,142,234,230,239,265,417,485,462,390,472,454,457,405,414,524,527,565,646,441,697,582,598,483,416,523,535,587,623,619,754,799,1200,1197,1339,1254,1429,1261,1626,1769,1755,1539,2124,1683]} 1. e4 c6 2. d4 d5 3. e5 c5 4. c3 Nc6 5. Nf3 cxd4 6. cxd4 Bg4 7. Nbd2 e6 8. Be2 h6 9. O-O Bf5 10. a3 Nge7 11. b4 Bh7 12. Bb2 Nf5 13. Rc1 Qb6 14. Qa4 Be7 15. Bc3 Bd8 16. Nb3 Qc7 17. b5 Nb8 18. b6+ Qd7 19. Qxa7 Bxb6 20. Qxa8 O-O 21. Nc5 Bxc5 22. dxc5 g5 23. Rb1 d4 24. Ba1 Qd5 25. Qxb7 Nc6 26. Nxg5 Nh4 27. Nf3 d3 28. Bd1 Nf5 29. Bb3 Qe4 30. Rfe1 Rb8 31. Qxb8+ Nxb8 32. Rxe4 d2 33. Nxd2 Ng7 34. Ba4 Na6 35. c6 Bxe4 36. Nxe4 1-0

[Event "WCU Spring Open"]
[Site "Cardiff"]
[Date "2026.03.07"]
[Round "2.11"]
[White "Tyrrell, Lachlan Baly Hughes	"]
[Black "Katchi, Daniel"]
[Result "1-0"]
[WhiteElo "1508"]
[BlackElo "1310"]
[WhiteFideId "-1"]
[BlackFideId "-1"]
[PlyCount "67"]
[GameId "2287004762185922"]
[EventDate "2026.03.07"]
[EventType "swiss"]
[EventRounds "5"]
[EventCountry "WLS"]

1. Nf3 d5 2. d4 Nc6 3. c4 dxc4 4. d5 Na5 5. Qa4+ c6 6. Bd2 b5 7. Qxa5 Qxa5 8. Bxa5 Bd7 9. Nc3 cxd5 10. Nxd5 e6 11. Nc7+ Ke7 12. Nxa8 g6 13. Bb4+ Ke8 14. Nc7+ Kd8 15. Bxf8 Kxc7 16. Bg7 f6 17. Bxh8 Bc6 18. Rc1 Kb6 19. e3 Bd5 20. a3 Ka5 21. Be2 Ka4 22. Bd1+ Ka5 23. O-O b4 24. axb4+ Kxb4 25. Bg7 a5 26. Nd4 a4 27. Ra1 c3 28. Rxa4+ Kc5 29. bxc3 e5 30. Bf8+ Kb6 31. Bb3 Bxb3 32. Nxb3 Kb5 33. Rb4+ Ka6 34. Ra1# 1-0

[Event "WCU Spring Open"]
[Site "Cardiff"]
[Date "2026.03.07"]
[Round "2.12"]
[White "Daniel, Elijah"]
[Black "Kong, Emma Zihan"]
[Result "0-1"]
[WhiteElo "1542"]
[BlackElo "1873"]
[WhiteFideId "-1"]
[PlyCount "78"]
[GameId "2294062423224360"]
[EventDate "2026.03.07"]
[EventType "swiss"]
[EventRounds "5"]
[EventCountry "WLS"]

1. Nf3 g6 2. d4 f5 3. g3 Nf6 4. Bg2 Bg7 5. O-O O-O 6. c3 h6 7. Nbd2 d6 8. Qc2 Nc6 9. Rd1 Qe8 10. Re1 e5 11. dxe5 dxe5 12. e4 Kh8 13. Nh4 fxe4 14. Nxe4 Bf5 15. Nxf5 gxf5 16. Nxf6 Rxf6 17. Bf4 Qe7 18. Bxc6 Rxc6 19. Qxf5 Rf8 20. Qe4 Qf7 21. Be3 a6 22. Red1 h5 23. Qd5 Qf5 24. Qd7 Qf3 25. Qh3 Bh6 26. Qg2 Qf5 27. Bxh6 Rxh6 28. Rf1 h4 29. Qxb7 e4 30. Rae1 Re8 31. f4 hxg3 32. hxg3 Qh3 33. Kf2 Qh2+ 34. Ke3 Qxg3+ 35. Kd2 e3+ 36. Kc2 Rh2+ 37. Kb3 Qg8+ 38. c4 Rb8 39. Qxb8 Qxb8+ 0-1

[Event "WCU Spring Open"]
[Site "Cardiff"]
[Date "2026.03.07"]
[Round "2.13"]
[White "Shevchenko, Danylo"]
[Black "Moore, John"]
[Result "1-0"]
[WhiteElo "1687"]
[BlackElo "1596"]
[WhiteFideId "-1"]
[BlackFideId "-1"]
[PlyCount "41"]
[GameId "2287319920762952"]
[EventDate "2026.03.07"]
[EventType "swiss"]
[EventRounds "5"]
[EventCountry "WLS"]

1. e4 e5 2. Nf3 Nc6 3. Bc4 Bc5 4. c3 Nf6 5. d4 exd4 6. e5 d5 7. Bb5 Ne4 8. cxd4 Bb4+ 9. Nbd2 O-O 10. O-O Bg4 11. Qa4 Nxd2 12. Nxd2 Bxd2 13. Bxd2 Bd7 14. Rac1 a6 15. Bxc6 Bxc6 16. Qb3 Qh4 17. f4 Qg4 18. Rf3 Qd7 19. f5 Ba4 20. Qe3 Rfe8 21. f6 1-0

[Event "WCU Spring Open"]
[Site "Cardiff"]
[Date "2026.03.07"]
[Round "2.14"]
[White "Murthy, Arush"]
[Black "Burton, Henry"]
[Result "0-1"]
[WhiteElo "1665"]
[BlackElo "1577"]
[WhiteFideId "-1"]
[BlackFideId "-1"]
[PlyCount "124"]
[GameId "2294062423224362"]
[EventDate "2026.03.07"]
[EventType "swiss"]
[EventRounds "5"]
[EventCountry "WLS"]

1. d4 Nf6 2. c4 g6 3. Nc3 Bg7 4. Nf3 O-O 5. h3 d6 6. Bf4 Bf5 7. e3 Nc6 8. Be2 Nb4 9. Rc1 a6 10. O-O Rb8 11. d5 a5 12. a3 Na6 13. Bd3 Bxd3 14. Qxd3 Nc5 15. Qc2 Qd7 16. Rfe1 c6 17. e4 cxd5 18. exd5 Rfe8 19. Rcd1 Nh5 20. Bh2 Rbc8 21. b3 Na6 22. Na4 Qc7 23. Nc3 Qc5 24. g4 Nf6 25. Qc1 Nd7 26. Ne4 Qb6 27. Qc2 Nac5 28. Nxc5 Qxc5 29. Qa2 a4 30. Re4 axb3 31. Qxb3 b6 32. Rde1 Bf8 33. Nd2 Qc7 34. Qd1 Nc5 35. R4e3 Bh6 36. f4 Bg7 37. Nf3 {(=)} Nb7 38. Kg2 Kf8 39. Nd2 Na5 40. Qe2 h6 41. Bg3 {(=)} Bf6 42. f5 Nxc4 43. Nxc4 Qxc4 44. Qxc4 Rxc4 45. fxg6 fxg6 46. Bxd6 Rd4 47. Be5 Rd2+ 48. Kf3 Bg5 49. Bf4 Rxd5 50. Bxg5 Rxg5 51. Re6 Ra8 52. R1e3 Rga5 53. Rxg6 Rxa3 54. Rxh6 Rxe3+ 55. Kxe3 Kg7 56. Rxb6 Ra3+ 57. Kf4 Rxh3 58. Rb7 {(=)} Kf8 59. Kf5 Rh7 60. g5 e6+ 61. Kxe6 Rxb7 62. g6 Kg7 0-1

[Event "WCU Spring Open"]
[Site "Cardiff"]
[Date "2026.03.07"]
[Round "2.15"]
[White "McGinley, Elijah"]
[Black "Zheng, Lucas"]
[Result "0-1"]
[WhiteElo "1511"]
[BlackElo "1661"]
[WhiteFideId "-1"]
[BlackFideId "-1"]
[PlyCount "32"]
[GameId "2287516581752917"]
[EventDate "2026.03.07"]
[EventType "swiss"]
[EventRounds "5"]
[EventCountry "WLS"]

1. e4 c5 2. d4 cxd4 3. c3 dxc3 4. Nxc3 d6 5. Nf3 Nc6 6. Bb5 Bd7 7. O-O Nf6 8. Bxc6 Bxc6 9. e5 dxe5 10. Qxd8+ Rxd8 11. Nxe5 Be4 12. Nxe4 Nxe4 13. f3 Nd2 14. Rd1 Nxf3+ 15. gxf3 Rxd1+ 16. Kg2 e6 0-1

[Event "WCU Spring Open"]
[Site "Cardiff"]
[Date "2026.03.07"]
[Round "2.16"]
[White "Williams, John A"]
[Black "Lewis, David"]
[Result "1-0"]
[WhiteElo "1656"]
[BlackElo "1762"]
[WhiteFideId "-1"]
[BlackFideId "-1"]
[PlyCount "55"]
[GameId "2287517173825646"]
[EventDate "2026.03.07"]
[EventType "swiss"]
[EventRounds "5"]
[EventCountry "WLS"]

{[%evp 0,55,12,36,32,-14,37,31,38,28,33,36,36,34,25,25,51,59,50,43,81,59,100,43,209,241,135,69,125,22,49,17,106,54,182,1,3,0,112,224,104,-36,124,156,405,317,378,305,372,362,471,511,537,560,581,587,1242,739]} 1. d4 d6 2. c4 Nf6 3. Nc3 g6 4. e4 Bg7 5. Be2 O-O 6. Bg5 Nbd7 7. Qd2 c5 8. d5 Re8 9. Bh6 Kh8 10. h4 Ne5 11. h5 Bg4 12. hxg6 fxg6 13. Bxg4 Nexg4 14. Bf4 Nh5 15. Nf3 Nxf4 16. Qxf4 Qd7 17. O-O Rf8 18. Qg3 Be5 19. Nxe5 Nxe5 20. b3 Rf6 21. f4 Ng4 22. e5 dxe5 23. fxe5 Rxf1+ 24. Rxf1 Nh6 25. e6 Qd6 26. Qxd6 exd6 27. Ne4 Rd8 28. Nxd6 1-0

[Event "WCU Spring Open"]
[Site "Cardiff"]
[Date "2026.03.07"]
[Round "2.17"]
[White "Srivastava, Angel"]
[Black "Richards, Gareth"]
[Result "0-1"]
[WhiteElo "1365"]
[BlackElo "1625"]
[WhiteFideId "-1"]
[BlackFideId "-1"]
[PlyCount "78"]
[GameId "2287518164562691"]
[EventDate "2026.03.07"]
[EventType "swiss"]
[EventRounds "5"]
[EventCountry "WLS"]

1. e3 g6 2. d4 Bg7 3. c4 d6 4. Bd3 c5 5. Ne2 e5 6. d5 Ne7 7. e4 O-O 8. f4 exf4 9. Bxf4 Bxb2 10. Bh6 Re8 11. Nbc3 Bxa1 12. Qxa1 Nd7 13. Nb5 Ne5 14. O-O a6 15. Na3 Qa5 16. Nc2 b5 17. Ne1 Bg4 18. h3 Bxe2 19. Bxe2 bxc4 20. Bxc4 Qb4 21. Bd3 Qd4+ 22. Qxd4 cxd4 23. Bb1 Rab8 24. Nc2 d3 25. Nd4 Rb4 26. Nf3 Rxe4 27. Nxe5 Rxe5 28. Bxd3 Nxd5 29. Bxa6 Ne3 30. Re1 Nf5 31. Rxe5 Rxe5 32. Bf4 Re4 33. g3 Ra4 34. Bb5 Rxa2 35. Bc4 Ra4 36. Bb3 Ra3 37. Bc2 Nxg3 38. Bxd6 Ra2 39. Be4 Nxe4 0-1

[Event "WCU Spring Open"]
[Site "Cardiff"]
[Date "2026.03.07"]
[Round "2.18"]
[White "Bartlett-Davis, Otto"]
[Black "Are, Jai Hrithvik Adithya	"]
[Result "1-0"]
[WhiteElo "1618"]
[BlackElo "1481"]
[WhiteFideId "-1"]
[BlackFideId "-1"]
[PlyCount "85"]
[GameId "2287519258919696"]
[EventDate "2026.03.07"]
[EventType "swiss"]
[EventRounds "5"]
[EventCountry "WLS"]

1. d4 e6 2. c4 d5 3. Nf3 Nf6 4. Nc3 Be7 5. Bf4 O-O 6. e3 dxc4 7. Bxc4 a6 8. Qc2 b5 9. Bd3 Bb7 10. Ne4 h6 11. Nxf6+ Bxf6 12. Qxc7 Qxc7 13. Bxc7 Nd7 14. Bg3 Rac8 15. Kd2 Bxf3 16. gxf3 e5 17. dxe5 Bxe5 18. Rab1 Rfd8 19. Ke2 Bxg3 20. hxg3 Ne5 21. Be4 g6 22. g4 Kg7 23. Rbc1 Nc4 24. b3 Nd6 25. Rxc8 Rxc8 26. Rd1 Nxe4 27. fxe4 Rc6 28. Rd2 Kf6 29. f4 Ke6 30. Kf3 g5 31. Rh2 Ke7 32. f5 Kf8 33. e5 Kg7 34. Ke4 a5 35. Kd5 Rc3 36. Re2 Rd3+ 37. Ke4 Rd8 38. Rc2 a4 39. bxa4 bxa4 40. Rc4 Rd1 41. Rxa4 Rg1 42. Kd5 h5 43. e6 1-0

[Event "WCU Spring Open"]
[Site "Cardiff"]
[Date "2026.03.07"]
[Round "3.1"]
[White "Rathbone-Jones, Ifan"]
[Black "Tapp, James"]
[Result "0-1"]
[WhiteElo "2162"]
[BlackElo "2016"]
[BlackFideId "-1"]
[PlyCount "94"]
[GameId "2287557560242270"]
[EventDate "2026.03.07"]
[EventType "swiss"]
[EventRounds "5"]
[EventCountry "WLS"]

{[%evp 0,94,12,27,17,15,17,-4,-8,12,22,8,3,8,7,-5,-13,-11,-14,52,-18,-22,6,-23,-6,-29,-4,-28,-24,-24,-17,-79,-38,-68,-24,-63,-42,-108,-31,-102,-103,-101,-118,-95,-100,-171,-166,-124,-131,-43,-139,-171,-151,-279,-199,-311,-161,-328,-305,-316,-377,-254,-382,-328,-410,-399,-422,-489,-465,-490,-498,-537,-548,-645,-565,-686,-684,-728,-582,-1183,-605,-425,-565,-572,-570,-437,-547,-600,-576,-615,-979,-29991,-29992,-29993,-29994,-29999,-29999]} 1. d4 d5 2. Nf3 Nf6 3. g3 Bf5 4. Bg2 e6 5. c4 c6 6. O-O Be7 7. Nbd2 h6 8. b3 O-O 9. Bb2 Nbd7 10. h3 Ne4 11. Rc1 a5 12. a3 Re8 13. Re1 Bf6 14. Nf1 a4 15. Ne3 Bh7 16. Ne5 Nxe5 17. dxe5 Bg5 18. f4 Be7 19. Bxe4 Bxe4 20. b4 b6 21. cxd5 exd5 22. Ng4 c5 23. bxc5 Bxc5+ 24. e3 Qe7 25. Rc3 Red8 26. Qa1 d4 27. Rxc5 bxc5 28. exd4 Bd5 29. f5 h5 30. f6 Qd7 31. Qc1 Qf5 32. Ne3 Qxh3 33. Nxd5 Qxg3+ 34. Kh1 Rxd5 35. Re2 cxd4 36. Rg2 Qh3+ 37. Rh2 Qf3+ 38. Rg2 Rxe5 39. Kg1 Qxf6 40. Bxd4 Re1+ 41. Qxe1 Qxd4+ 42. Kh2 Qf4+ 43. Kh3 Rb8 44. Rg3 Rb3 45. Rc3 Qg4+ 46. Kh2 Rb2+ 47. Kh1 Qg2# 0-1

[Event "WCU Spring Open"]
[Site "Cardiff"]
[Date "2026.03.07"]
[Round "3.2"]
[White "Bullen, Alex"]
[Black "Mckenna, Joshua"]
[Result "1-0"]
[WhiteElo "2093"]
[BlackElo "1739"]
[PlyCount "75"]
[GameId "2287557673439333"]
[EventDate "2026.03.07"]
[EventType "swiss"]
[EventRounds "5"]
[EventCountry "WLS"]

1. Nf3 d5 2. e3 Nf6 3. c4 c6 4. Nc3 Bg4 5. Qc2 Bxf3 6. gxf3 e6 7. d4 g6 8. Bd2 Bg7 9. Bd3 dxc4 10. Bxc4 Nbd7 11. Ne2 Qc7 12. O-O-O O-O-O 13. Kb1 Nd5 14. e4 N5b6 15. Bb3 Rhe8 16. a4 Na8 17. a5 a6 18. Rc1 Nb8 19. Qc5 Qd6 20. Qxd6 Rxd6 21. Be3 Nc7 22. Rhd1 Rdd8 23. d5 exd5 24. exd5 f5 25. Nc3 Nb5 26. Na4 Kc7 27. Bb6+ Kc8 28. Bxd8 Rxd8 29. Nb6+ Kc7 30. dxc6 Nxc6 31. Rxd8 Kxd8 32. Rd1+ Ncd4 33. Bg8 Ke7 34. Rd3 h6 35. Bd5 Nd6 36. Na4 Kd7 37. Nc5+ Kc7 38. Rxd4 1-0

[Event "WCU Spring Open"]
[Site "Cardiff"]
[Date "2026.03.07"]
[Round "3.3"]
[White "Van Noorden, Nicolas"]
[Black "Kett, Timothy J"]
[Result "0-1"]
[WhiteElo "1950"]
[BlackElo "2117"]
[WhiteFideId "-1"]
[BlackFideId "-1"]
[PlyCount "42"]
[GameId "2287560279961713"]
[EventDate "2026.03.07"]
[EventType "swiss"]
[EventRounds "5"]
[EventCountry "WLS"]

1. e4 e5 2. Nf3 Nc6 3. Nc3 Nf6 4. d4 exd4 5. Nd5 Be7 6. Nxd4 Nxd5 7. exd5 Nxd4 8. Qxd4 O-O 9. Be2 Bf6 10. Qd2 d6 11. O-O Bf5 12. Bd3 Qd7 13. c4 Rfe8 14. Qc2 Bxd3 15. Qxd3 b6 16. Rb1 Qg4 17. b3 Qe2 18. Qd2 h6 19. a3 a5 20. b4 Qxc4 21. Qd1 Re5 0-1

[Event "WCU Spring Open"]
[Site "Cardiff"]
[Date "2026.03.07"]
[Round "3.4"]
[White "Chen, Wutong"]
[Black "Hewitt, William"]
[Result "1/2-1/2"]
[WhiteElo "1815"]
[BlackElo "1940"]
[WhiteFideId "-1"]
[PlyCount "93"]
[GameId "2285177410113687"]
[EventDate "2026.03.07"]
[EventType "swiss"]
[EventRounds "5"]
[EventCountry "WLS"]

{[%evp 0,93,19,23,16,18,45,25,21,34,34,20,-26,8,8,55,28,5,47,2,21,-58,3,-124,-116,-131,-107,-142,-10,-127,-110,-3,-76,-73,12,-4,-13,104,48,20,26,-3,-10,-33,71,49,19,-66,-7,-42,56,46,97,84,71,84,82,83,77,79,111,117,239,113,115,199,131,117,95,80,113,110,98,101,94,70,70,55,156,61,168,136,130,-37,-37,-49,-34,-129,-136,-124,-202,-141,-17,-40,-21,-41]} 1. d4 Nf6 2. Nf3 g6 3. c4 Bg7 4. Nc3 d5 5. Qb3 dxc4 6. Qxc4 O-O 7. e4 a6 8. a4 b5 9. Qb3 Nc6 10. d5 Na5 11. Qb4 c5 12. dxc6 Nxc6 13. Qc5 b4 14. Nd5 Na5 15. Nxf6+ exf6 16. Qxb4 Be6 17. Bf4 Nc6 18. Qc5 Qa5+ 19. Qxa5 Nxa5 20. Be2 Nb3 21. Rd1 Nc5 22. O-O Nxa4 23. Rd2 Nc5 24. Bd6 Nxe4 25. Bxf8 Nxd2 26. Bxg7 Nxf1 27. Bxf6 Nxh2 28. Kxh2 a5 29. Nd4 a4 30. Nxe6 fxe6 31. Be7 Kf7 32. Ba3 h5 33. Bb5 Ra5 34. Bc4 Kf6 35. Kg3 g5 36. Be2 h4+ 37. Kg4 Re5 38. Bd3 Re1 39. Kf3 Ke5 40. Bc2 Kd5 41. Bxa4 g4+ 42. Kxg4 Re4+ 43. f4 Rxa4 {(=)} 44. Be7 e5 45. Bg5 exf4 46. Bxf4 Rb4 47. b3 1/2-1/2

[Event "WCU Spring Open"]
[Site "Cardiff"]
[Date "2026.03.07"]
[Round "3.5"]
[White "Binks, Michael E"]
[Black "Tyrrell, Lachlan Baly Hughes	"]
[Result "1-0"]
[WhiteElo "1853"]
[BlackElo "1508"]
[WhiteFideId "-1"]
[BlackFideId "-1"]
[PlyCount "103"]
[GameId "2287563224461637"]
[EventDate "2026.03.07"]
[EventType "swiss"]
[EventRounds "5"]
[EventCountry "WLS"]

1. d4 Nf6 2. Nf3 g6 3. g3 Bg7 4. Bg2 d5 5. O-O O-O 6. Nbd2 c6 7. c3 Nbd7 8. Re1 Re8 9. e4 dxe4 10. Nxe4 Nxe4 11. Rxe4 Nf6 12. Re2 Bg4 13. h3 Bxf3 14. Bxf3 Qd7 15. Qf1 Nd5 16. Bd2 a5 17. a3 a4 18. Rae1 e6 19. Rc1 h6 20. Ree1 Red8 21. h4 Nf6 22. Rc2 Nd5 23. Bc1 Qd6 24. Rd2 Ra5 25. Red1 Nf6 26. Rd3 Kh7 27. Qe2 Raa8 28. Bf4 Qd7 29. Be5 Ra5 30. g4 Ne8 31. h5 g5 32. Be4+ f5 33. gxf5 exf5 34. Bg2 Qf7 35. f4 g4 36. Re3 Rd7 37. Re1 Qxh5 38. Bxg7 Nxg7 39. Re7 Rxe7 40. Qxe7 Rb5 41. Re2 Qg6 42. Bf1 h5 43. c4 Rb3 44. d5 cxd5 45. cxd5 Qb6+ 46. Kh1 Qd4 47. d6 Rd3 48. Rh2 Qd5+ 49. Kg1 Qd4+ 50. Kh1 Qe4+ 51. Qxe4 fxe4 52. Bxd3 1-0